[Event "Fortaleza Cearense-ch"]
[Site "Fortaleza"]
[Date "2024.01.27"]
[Round "9"]
[White "De Sousa, Antonio Micaias Sil"]
[Black "Lima, Alan Elkinson Lopes"]
[Result "1-0"]
[WhiteElo "1840"]
[BlackElo "1907"]
[PlyCount "79"]
[EventDate "2024.01.13"]
[EventType "tourn"]
[EventRounds "9"]
[EventCountry "BRA"]
[SourceTitle "CB09_2024"]
[SourceDate "2024.02.28"]
[SourceVersion "1"]
[SourceVersionDate "2024.02.28"]
[SourceQuality "1"]

1. e4 d6 2. d4 Nf6 3. Nc3 Nbd7 4. g3 e5 5. Bg2 Be7 6. Nge2 c6 7. a4 a5 8. 0-0 h5 9. h3 h4 10. g4 Nh7 11. Be3 0-0 12. f4 b6 13. Qd2 Ba6 14. Rfd1 Ra7 15. fxe5 dxe5 16. d5 cxd5 17. Nxd5 Bc5 18. Nec3 Nhf6 19. Qf2 Nxd5 20. Nxd5 Bc4 21. Bxc5 Nxc5 22. Ne3 Bd3 23. cxd3 Nxd3 24. Qc2 Rd7 25. Nd5 Nf4 26. Nxf4 exf4 27. Rxd7 Qxd7 28. Rd1 Qb7 29. Rd5 Rc8 30. Qd2 Qc7 31. Rd7 Qc5+ 32. Kh2 Qe5 33. Rd8+ Rxd8 34. Qxd8+ Kh7 35. Qxh4+ Kg8 36. Qd8+ Kh7 37. Qd5 Qc7 38. e5 Kg8 39. Qa8+ Kh7 40. Qe4+ 1-0

[Event "Fortaleza Cearense-ch"]
[Site "Fortaleza"]
[Date "2024.01.14"]
[Round "2"]
[White "Lima, Edson Henrique"]
[Black "De Sousa, Antonio Micaias Sil"]
[Result "1-0"]
[WhiteElo "1897"]
[BlackElo "1840"]
[PlyCount "85"]
[EventDate "2024.01.13"]
[EventType "tourn"]
[EventRounds "9"]
[EventCountry "BRA"]
[SourceTitle "CB09_2024"]
[SourceDate "2024.02.28"]
[SourceVersion "1"]
[SourceVersionDate "2024.02.28"]
[SourceQuality "1"]

1. Nf3 d5 2. b3 c5 3. e3 Nf6 4. Bb2 e6 5. Bb5+ Nbd7 6. 0-0 Be7 7. d4 0-0 8. Bd3 b6 9. c4 Bb7 10. Qe2 Re8 11. Nc3 Rc8 12. Rfd1 Qc7 13. Rac1 Qb8 14. cxd5 exd5 15. Ba6 c4 16. Bxb7 Qxb7 17. bxc4 dxc4 18. e4 b5 19. e5 Bf8 20. Qc2 Nd5 21. Ng5 g6 22. Qe4 N7b6 23. Nxb5 h6 24. Nh3 Nd7 25. Nc3 N7f6 26. Qf3 Qxb2 27. Nxd5 Nxd5 28. Qxd5 Qxa2 29. Nf4 Rcd8 30. Qe4 Bg7 31. e6 Kh7 32. h4 f5 33. Qb7 Qa3 34. Qf7 Qd6 35. Qxg6+ Kh8 36. Qxf5 Kg8 37. Qf7+ Kh7 38. Rxc4 Re7 39. Qf5+ Kg8 40. d5 Rf8 41. Qg4 Rd8 42. Nh5 Qxe6 43. dxe6 1-0

[Event "BRA-ch U26"]
[Site "Joinville"]
[Date "2023.10.12"]
[Round "5"]
[White "Guimaraes, Ricardo B Azevedo"]
[Black "De Sousa, Antonio Micaias Sil"]
[Result "0-1"]
[WhiteElo "1800"]
[BlackElo "1840"]
[PlyCount "74"]
[EventDate "2023.10.09"]
[EventType "swiss"]
[EventRounds "6"]
[EventCountry "BRA"]
[SourceTitle "Mega2024 Update 01"]
[Source "Chessbase"]
[SourceDate "2023.11.12"]
[SourceVersion "1"]
[SourceVersionDate "2023.11.12"]
[SourceQuality "1"]

1. e4 c5 2. Nf3 e6 3. d4 cxd4 4. Nxd4 a6 5. Nc3 Qc7 6. Bd3 Nf6 7. Be3 b5 8. 0-0 Bb7 9. a3 Be7 10. f4 d6 11. Kh1 0-0 12. f5 e5 13. Nb3 Nbd7 14. Qe1 d5 15. Bg5 Rfe8 16. exd5 Nxd5 17. Nxd5 Bxd5 18. Bxe7 Rxe7 19. Qh4 Nf6 20. Nd2 e4 21. Be2 Qxc2 22. Rfd1 e3 23. Qb4 Rae8 24. Rac1 exd2 25. Rxc2 Rxe2 26. Qxd2 Bxg2+ 27. Kg1 Rxd2 28. Rcxd2 Be4 29. Rd6 Bxf5 30. Rxa6 h6 31. Rd2 Bh3 32. Rad6 Kh7 33. Rd1 Re5 34. R6d3 Be6 35. R1d2 Ne4 36. Re3 Nxd2 37. Rxe5 Nf3+ 0-1

[Event "BRA-ch U26"]
[Site "Joinville"]
[Date "2023.10.11"]
[Round "4"]
[White "De Sousa, Antonio Micaias Sil"]
[Black "Dos Santos, Chung I Ladica"]
[Result "1-0"]
[WhiteElo "1840"]
[BlackElo "1545"]
[PlyCount "110"]
[EventDate "2023.10.09"]
[EventType "swiss"]
[EventRounds "6"]
[EventCountry "BRA"]
[SourceTitle "Mega2024 Update 01"]
[Source "Chessbase"]
[SourceDate "2023.11.12"]
[SourceVersion "1"]
[SourceVersionDate "2023.11.12"]
[SourceQuality "1"]

1. e4 g6 2. d4 Bg7 3. c4 d6 4. Nc3 Nf6 5. Nge2 0-0 6. Ng3 Nbd7 7. Be2 c6 8. h4 e5 9. d5 cxd5 10. cxd5 Nc5 11. h5 b5 12. Bxb5 Rb8 13. Be2 Qa5 14. 0-0 Ba6 15. Rb1 Bxe2 16. Qxe2 Rfc8 17. Be3 Na4 18. Nxa4 Qxa4 19. b3 Qd7 20. hxg6 hxg6 21. Rfc1 a5 22. Rxc8+ Rxc8 23. Rc1 Rxc1+ 24. Bxc1 Qc8 25. Be3 Ng4 26. Bd2 Qc2 27. Bxa5 Qc1+ 28. Nf1 f5 29. Be1 Bf6 30. f3 Nh6 31. Bd2 Qb2 32. Qf2 Nf7 33. Be3 Qa3 34. Qc2 f4 35. Bf2 Qa6 36. a4 Bd8 37. Qc4 Qa5 38. Qb5 Kf8 39. b4 Qxb5 40. axb5 Bf6 41. Nd2 Ke8 42. Nc4 Kd7 43. Kf1 Kc8 44. Ke2 Kb7 45. Kd3 Bd8 46. Na5+ Kc8 47. Kc4 Bxa5 48. bxa5 Nd8 49. Bb6 Nf7 50. a6 Kb8 51. Bf2 Nd8 52. b6 g5 53. Kb5 Ka8 54. b7+ Nxb7 55. axb7+ Kxb7 1-0

[Event "BRA-ch U26"]
[Site "Joinville"]
[Date "2023.10.10"]
[Round "2"]
[White "De Sousa, Antonio Micaias Sil"]
[Black "Da Silva, Erick Feitosa"]
[Result "1/2-1/2"]
[WhiteElo "1840"]
[BlackElo "2074"]
[PlyCount "53"]
[EventDate "2023.10.09"]
[EventType "swiss"]
[EventRounds "6"]
[EventCountry "BRA"]
[SourceTitle "Mega2024 Update 01"]
[Source "Chessbase"]
[SourceDate "2023.11.12"]
[SourceVersion "1"]
[SourceVersionDate "2023.11.12"]
[SourceQuality "1"]

1. e4 e5 2. Nf3 Nc6 3. Bb5 a6 4. Bxc6 dxc6 5. 0-0 Bg4 6. b3 h5 7. Re1 Qf6 8. d3 Bxf3 9. Qxf3 Qxf3 10. gxf3 0-0-0 11. f4 f6 12. f5 Bd6 13. Be3 Ne7 14. Nd2 g6 15. fxg6 Nxg6 16. Kh1 Bb4 17. Rg1 Nh4 18. Rg3 f5 19. Bg5 Bxd2 20. Bxh4 Rdf8 21. Rag1 fxe4 22. dxe4 Bh6 23. Rg6 Bf4 24. Rg7 Bh6 25. R7g6 Bf4 26. Rg7 Bh6 27. R7g6 1/2-1/2

[Event "Fortaleza Cearense-ch"]
[Site "Fortaleza"]
[Date "2023.01.14"]
[Round "5"]
[White "Lima, Alan Elkinson Lopes"]
[Black "De Sousa, Antonio Micaias Sil"]
[Result "1/2-1/2"]
[WhiteElo "1906"]
[BlackElo "1874"]
[PlyCount "54"]
[EventDate "2023.01.07"]
[EventType "tourn"]
[EventRounds "9"]
[EventCountry "BRA"]
[SourceTitle "CBM 212 Extra"]
[Source "ChessBase"]
[SourceDate "2023.03.31"]
[SourceVersion "1"]
[SourceVersionDate "2023.03.31"]
[SourceQuality "1"]

1. d4 Nf6 2. Nf3 g6 3. c4 Bg7 4. Nc3 0-0 5. Bf4 d6 6. e3 Nbd7 7. Be2 b6 8. h3 Bb7 9. Qc2 e5 10. Bh2 exd4 11. exd4 Re8 12. 0-0 Ne4 13. Nxe4 Bxe4 14. Qd2 Bb7 15. Rae1 Nf6 16. d5 Ne4 17. Qc2 Qf6 18. b3 a5 19. Bd3 Nc5 20. Bg3 h6 21. Qd1 Qc3 22. Bc2 a4 23. Rxe8+ Rxe8 24. Bf4 axb3 25. axb3 Bc8 26. Bd2 Qf6 27. Re1 Qd8 1/2-1/2

[Event "Fortaleza Cearense-ch"]
[Site "Fortaleza"]
[Date "2023.01.12"]
[Round "4"]
[White "De Sousa, Antonio Micaias Sil"]
[Black "Lima Filho, Gilberto Faco"]
[Result "1/2-1/2"]
[WhiteElo "1874"]
[BlackElo "1955"]
[PlyCount "112"]
[EventDate "2023.01.07"]
[EventType "tourn"]
[EventRounds "9"]
[EventCountry "BRA"]
[SourceTitle "CBM 212 Extra"]
[Source "ChessBase"]
[SourceDate "2023.03.31"]
[SourceVersion "1"]
[SourceVersionDate "2023.03.31"]
[SourceQuality "1"]

1. d4 Nf6 2. g3 e6 3. Bg2 d5 4. Nf3 Nbd7 5. 0-0 Be7 6. c4 0-0 7. Qc2 c6 8. Nbd2 Re8 9. e4 dxe4 10. Nxe4 Nxe4 11. Qxe4 Nf6 12. Qc2 a5 13. b3 c5 14. dxc5 Bxc5 15. Bb2 Qe7 16. Rad1 h6 17. Ne5 Rb8 18. Ba1 Rd8 19. Qb2 Ne8 20. Be4 Bd7 21. Bb1 Bc6 22. Nxc6 bxc6 23. Qc2 f5 24. Qe2 Nf6 25. Kg2 Ng4 26. h3 Rxd1 27. Rxd1 Nxf2 28. Rf1 Ne4 29. Bxe4 fxe4 30. Qxe4 Rd8 31. Bc3 Bb4 32. Bxb4 axb4 33. Qxc6 Rd2+ 34. Rf2 Rxf2+ 35. Kxf2 Qa7+ 36. Kf3 Kf7 37. c5 Qxa2 38. Qb7+ Kf6 39. Qxb4 Qc2 40. Qf4+ Ke7 41. Qd6+ Kf6 42. Qd4+ Kf7 43. b4 Qb3+ 44. Kf4 g5+ 45. Kg4 Qc2 46. Kf3 Qh2 47. h4 Qh1+ 48. Kg4 Qb1 49. Qd7+ Kf6 50. hxg5+ hxg5 51. Qd8+ Kf7 52. Qxg5 Qd1+ 53. Kh3 Qh1+ 54. Kg4 Qd1+ 55. Kh3 Qh1+ 56. Kg4 Qd1+ 1/2-1/2

[Event "Fortaleza Cearense-ch"]
[Site "Fortaleza"]
[Date "2023.01.07"]
[Round "1"]
[White "Pinheiro, Iung Alicio"]
[Black "De Sousa, Antonio Micaias Sil"]
[Result "1-0"]
[WhiteElo "2320"]
[BlackElo "1874"]
[PlyCount "75"]
[EventDate "2023.01.07"]
[EventType "tourn"]
[EventRounds "9"]
[EventCountry "BRA"]
[SourceTitle "CBM 212 Extra"]
[Source "ChessBase"]
[SourceDate "2023.03.31"]
[SourceVersion "1"]
[SourceVersionDate "2023.03.31"]
[SourceQuality "1"]

1. d4 d5 2. c4 e6 3. Nf3 Nf6 4. g3 Be7 5. Bg2 0-0 6. Qc2 dxc4 7. 0-0 a6 8. a4 Bd7 9. Rd1 Bc6 10. Nc3 a5 11. e4 Na6 12. Ne5 Nb4 13. Qe2 Be8 14. Be3 c5 15. d5 exd5 16. exd5 Qc7 17. Nxc4 Bd6 18. Bg5 Bd7 19. Bxf6 gxf6 20. Qh5 Kg7 21. Be4 Rh8 22. Bf5 Be8 23. Ne3 Ra6 24. Bd3 Bd7 25. Bf5 Kf8 26. Re1 h6 27. Re2 Be5 28. Rae1 Be8 29. Nc4 Ra8 30. Nxe5 fxe5 31. Rxe5 Rd8 32. Qh4 Qd6 33. Qf4 Kg7 34. Ne4 Qb8 35. Qg4+ Kf8 36. Nf6 h5 37. Rxe8+ Rxe8 38. Nd7# 1-0